[Event "AUTO-OPEN-2353"]
[Site "http://www.queenalice.com/game.php?id=934685"]
[Date "2011.5.6"]
[Round "1"]
[White "chesspsico2"]
[Black "nadare"]
[Result "1-0"]
[WhiteElo "1991"]
[BlackElo "1868"]

1. d4 d5 2. Nf3 Nc6 3. e3 Bg4 4. Be2 Nf6 5. O-O Bxf3 6. Bxf3 e5 7. dxe5 Nxe5 8.
Nd2 Bd6 9. b3 O-O 10. Bb2 Ne4 11. Nxe4 dxe4 12. Bxe4 Qh4 13. f4 Ng4 14. h3 Nxe3
15. Qd4 Qg3 16. Rae1 Qxg2+ 17. Bxg2 1-0

[Event "AUTO-OPEN-2353"]
[Site "http://www.queenalice.com/game.php?id=934686"]
[Date "2011.5.6"]
[Round "1"]
[White "nadare"]
[Black "chesspsico2"]
[Result "0-1"]
[WhiteElo "1865"]
[BlackElo "1990"]

1. e4 c5 2. d4 cxd4 3. c3 dxc3 4. Nxc3 a6 5. Nf3 e6 6. e5 d5 7. Be2 Nc6 8. O-O
Nge7 9. Bg5 Qc7 10. Re1 Ng6 11. Rc1 Be7 12. Bd3 Bxg5 13. Nxg5 Qe7 14. Nf3 Nf4
15. Qd2 Nxd3 16. Qxd3 O-O 17. a3 Bd7 18. Na4 b5 19. Nb6 Rab8 20. Nxd7 Qxd7 21.
Ng5 g6 22. Qh3 h5 23. g4 Kg7 24. gxh5 Rh8 25. Qf3 Rxh5 26. Qf6+ Kg8 27. Rxc6
Rxg5+ 28. Qxg5 Qxc6 29. Re3 Qc1+ 30. Kg2 d4 0-1

[Event "AUTO-ADV-2149"]
[Site "http://www.queenalice.com/game.php?id=934779"]
[Date "2011.5.6"]
[Round "1"]
[White "deepblue2010"]
[Black "nadare"]
[Result "0-1"]
[WhiteElo "1529"]
[BlackElo "1801"]

1. e4 e5 2. Nf3 Nc6 3. Bb5 Nd4 4. Nxd4 exd4 5. O-O c6 6. Be2 Bd6 7. d3 Qc7 8. f4
Ne7 9. e5 Bc5 10. Nd2 d6 11. exd6 Bxd6 12. Ne4 Nd5 13. Nxd6+ Qxd6 14. Bg4 Be6
15. Re1 O-O 16. f5 Bd7 17. Qf3 f6 18. Bd2 Qc5 19. c3 dxc3+ 20. Be3 Nxe3 0-1

[Event "AUTO-ADV-2149"]
[Site "http://www.queenalice.com/game.php?id=934780"]
[Date "2011.5.6"]
[Round "1"]
[White "nadare"]
[Black "deepblue2010"]
[Result "1-0"]
[WhiteElo "1787"]
[BlackElo "1726"]

1. e4 c5 2. d4 cxd4 3. Qxd4 Nc6 4. Qa4 Nf6 5. Nc3 e6 6. Bg5 Be7 7. Nf3 d6 8.
O-O-O Qc7 9. Nb5 Qb8 10. g3 a6 11. Nbd4 Bd7 12. Qb3 Nxe4 13. Qe3 Bxg5 14. Nxg5
Nxg5 15. Qxg5 Nxd4 16. Qxg7 Nb3+ 17. axb3 Ke7 18. Qg5+ f6 19. Qg7+ 1-0

[Event "AUTO-ADV-2149"]
[Site "http://www.queenalice.com/game.php?id=934791"]
[Date "2011.5.6"]
[Round "1"]
[White "power2010"]
[Black "nadare"]
[Result "1-0"]
[WhiteElo "2117"]
[BlackElo "1783"]

1. Nf3 d5 2. g3 Nf6 3. Bg2 Nc6 4. c4 d4 5. O-O e5 6. d3 h6 7. b4 Bxb4 8. Nxe5
Nxe5 9. Qa4+ Nc6 10. Bxc6+ bxc6 11. Qxb4 Bh3 12. Re1 Nd7 13. e3 Qf6 14. exd4+
Kd8 15. Ba3 c5 16. Qb7 Rb8 17. Qe4 Bf5 18. Qf3 Qxd4 19. Nd2 Ne5 20. Qd5+ Qxd5
21. cxd5 Nxd3 22. Re3 Rb5 23. Nc4 f6 24. d6 Re8 25. Rxe8+ Kxe8 26. dxc7 Ke7 27.
Rd1 Kd7 28. c8=Q+ Kxc8 29. Nd6+ Kb8 30. Nxb5 a6 31. Nc3 Kc7 32. Rxd3 Bxd3 33.
Bxc5 g6 34. f4 Kc6 35. Bf8 h5 36. Kf2 f5 37. Ke3 Bf1 38. Kd4 Kd7 39. Ke5 Ke8 40.
Bb4 Kf7 41. a3 Bc4 42. Nd5 Bb3 43. Nc7 Bc4 44. Kd4 Be2 45. h4 Bf1 46. Bd6 Kf6
47. Kc5 Be2 48. Kb6 Bd3 49. a4 Be2 50. a5 Bf1 51. Be5+ Ke7 52. Nxa6 Be2 53. Nc5
Bc4 54. a6 Bd5 55. Nb7 1-0

[Event "AUTO-ADV-2149"]
[Site "http://www.queenalice.com/game.php?id=934792"]
[Date "2011.5.6"]
[Round "1"]
[White "nadare"]
[Black "power2010"]
[Result "0-1"]
[WhiteElo "1830"]
[BlackElo "2109"]

1. e4 Nc6 2. d4 e5 3. d5 Nce7 4. Nf3 d6 5. Bb5+ c6 6. dxc6 bxc6 7. Ba4 Ba6 8.
Bg5 Rb8 9. Bxc6+ Nxc6 10. Bxd8 Rxd8 11. Qd5 Nge7 12. Qb3 Rb8 13. Qc3 Rb6 14. Na3
d5 15. O-O-O d4 16. Qd2 Ng6 17. g3 Be7 18. h4 O-O 19. c3 Bxa3 20. h5 Bxb2+ 21.
Kc2 Bxc3 22. Qg5 h6 23. Qf5 Nb4+ 24. Kb1 Nd3+ 25. Kc2 Rb2# 0-1

[Event "AUTO-ADV-2149"]
[Site "http://www.queenalice.com/game.php?id=934799"]
[Date "2011.5.6"]
[Round "1"]
[White "nadare"]
[Black "Canaye"]
[Result "0-1"]
[WhiteElo "1825"]
[BlackElo "1962"]

1. e4 e6 2. d4 d5 3. Nc3 dxe4 4. Nxe4 Nd7 5. Nf3 Ngf6 6. Bg5 Be7 7. Bd3 Nxe4 8.
Bxe7 Nxf2 9. Kxf2 Qxe7 10. Re1 O-O 11. c4 Nf6 12. Ng5 h6 13. Nf3 b6 14. Qc2 Qd6
15. Ne5 Qxd4+ 16. Re3 Ng4+ 17. Nxg4 Qxg4 18. Rg3 Qd4+ 19. Kf1 Bb7 20. Qe2 Rad8
21. Rd1 Qf4+ 22. Kg1 Rd4 23. b3 Rfd8 24. Rd2 R8d6 25. Qe3 Qxe3+ 26. Rxe3 e5 27.
Rde2 Rxd3 28. Rxe5 Rd1+ 29. Kf2 R1d2 30. g3 Rxe2+ 31. Kxe2 Kf8 32. Ke3 Re6 33.
Rxe6 fxe6 34. Kd4 Ke7 35. Ke5 a5 36. a3 g6 37. h4 h5 38. b4 axb4 39. axb4 c5 40.
b5 Bg2 0-1

[Event "AUTO-ADV-2149"]
[Site "http://www.queenalice.com/game.php?id=934800"]
[Date "2011.5.6"]
[Round "1"]
[White "Canaye"]
[Black "nadare"]
[Result "1-0"]
[WhiteElo "1936"]
[BlackElo "1814"]

1. d4 d5 2. c4 e5 3. cxd5 Qxd5 4. Nf3 Nc6 5. Nc3 Bb4 6. e3 Bg4 7. Be2 O-O-O 8.
O-O Bxc3 9. bxc3 Nf6 10. c4 Qd7 11. d5 Nb4 12. Nxe5 Bxe2 13. Qxe2 Qe7 14. Qb2
Ne4 15. a3 Na6 16. Rb1 Nac5 17. Rd1 Rd6 18. Nc6 Qf6 19. Nxa7+ Kb8 20. Nc6+ Ka8
21. Qxf6 Rxf6 22. Na5 Rxf2 23. Rb2 Rxb2 24. Bxb2 f6 25. Bd4 Rd8 26. Rb1 b6 27.
Nc6 Re8 28. a4 Nxa4 29. Ra1 b5 30. cxb5 Nd6 31. Rxa4+ Kb7 32. b6 Nb5 33. bxc7
Kxc7 34. Kf2 Re4 35. Rb4 Nxd4 36. Nxd4 Kd6 37. Kf3 Re5 38. e4 g5 39. Rb6+ Kc5
40. Rxf6 Kxd4 41. Re6 h5 42. Rxe5 Kxe5 43. Ke3 Kd6 44. Kd4 1-0

[Event "AUTO-INT-1846"]
[Site "http://www.queenalice.com/game.php?id=940314"]
[Date "2011.5.20"]
[Round "2"]
[White "nadare"]
[Black "diego2907"]
[Result "1-0"]
[WhiteElo "1892"]
[BlackElo "1241"]

1. e4 e5 2. f4 d6 3. Nf3 exf4 4. d4 Bg4 5. Bxf4 h6 6. Bc4 a6 7. O-O Nd7 8. Qd3
Ngf6 9. Re1 Nh5 10. Qb3 Nxf4 11. Bxf7+ Ke7 12. Bg8 Be6 13. Bxe6 Nxe6 14. Nbd2
Nb6 15. d5 Nc5 16. Qe3 Kd7 17. b4 Nca4 18. Ne5+ Kc8 19. Qh3+ Kb8 20. Rf1 Rg8 21.
Nef3 Ra7 22. Nd4 Nc3 23. Ne6 Ne2+ 24. Kh1 Be7 25. Qe3 Ng3+ 26. Qxg3 Qd7 27. Rf7
Nc8 28. Rxg7 a5 29. Rxg8 b6 30. c3 axb4 31. cxb4 Qb5 32. Qc3 Qe2 33. a4 h5 34.
Nd4 Qf2 35. Nc6+ Kb7 36. Rxc8 Kxc8 37. Nxa7+ Kb7 38. Qc6+ Kxa7 39. Qxc7+ Ka6 40.
b5+ Ka5 41. Qc3# 1-0

[Event "AUTO-INT-1846"]
[Site "http://www.queenalice.com/game.php?id=940315"]
[Date "2011.5.20"]
[Round "2"]
[White "diego2907"]
[Black "nadare"]
[Result "0-1"]
[WhiteElo "1558"]
[BlackElo "1767"]

1. e4 e5 2. Bc4 Nf6 3. d3 Bc5 4. Nh3 Nc6 5. a3 d5 6. Bb3 O-O 7. Bg5 Bxh3 8. gxh3
Qd6 9. Bxf6 Qxf6 10. Bxd5 Qxf2# 0-1

[Event "AUTO-INT-1846"]
[Site "http://www.queenalice.com/game.php?id=940316"]
[Date "2011.5.20"]
[Round "2"]
[White "nadare"]
[Black "kievelrs"]
[Result "1-0"]
[WhiteElo "1861"]
[BlackElo "1375"]

1. e4 e5 2. f4 exf4 3. Nf3 f6 4. Bc4 g5 5. d4 c6 6. Nc3 b5 7. Bb3 b4 8. Na4 d6
9. a3 a5 10. Qd3 d5 11. Bd2 Nd7 12. c3 Ba6 13. Qc2 bxa3 14. bxa3 Ne7 15. c4 Rc8
16. c5 Ng6 17. Kf2 Bg7 18. Rhe1 g4 19. Ng1 g3+ 20. hxg3 1-0

[Event "AUTO-INT-1846"]
[Site "http://www.queenalice.com/game.php?id=940317"]
[Date "2011.5.20"]
[Round "2"]
[White "kievelrs"]
[Black "nadare"]
[Result "0-1"]
[WhiteElo "1373"]
[BlackElo "1863"]

1. e4 e5 2. Bc4 Nf6 3. Qf3 Nc6 4. c3 a6 5. a4 Na5 6. Ba2 b5 7. axb5 axb5 8. b4
Nb3 9. Bxb3 Rxa1 10. Bc2 c5 11. Ba3 Bb7 12. d3 Qa8 13. bxc5 Qxa3 14. Ne2 Qb2 15.
O-O Qxc2 16. g4 Rxb1 17. Rxb1 Qxb1+ 18. Kg2 Bxc5 19. g5 Bxe4 20. dxe4 Nxe4 0-1

[Event "AUTO-ADV-1987"]
[Site "http://www.queenalice.com/game.php?id=959223"]
[Date "2011.7.11"]
[Round "2"]
[White "berilag"]
[Black "nadare"]
[Result "1-0"]
[WhiteElo "2020"]
[BlackElo "1806"]

1. e4 e5 2. Qh5 Nc6 3. Bc4 g6 4. Qf3 f6 5. c3 Bc5 6. d3 a6 7. a3 b5 8. Bd5 Bb7
9. b4 Bb6 10. Nd2 Qe7 11. Nb3 d6 12. Ne2 O-O-O 13. a4 Nh6 14. Bxh6 g5 15. axb5
axb5 16. O-O Nb8 17. Bxb7+ Kxb7 18. Ng3 Qf7 19. Na5+ Kc8 20. c4 bxc4 21. Nxc4
Bd4 22. Rab1 Na6 23. Bxg5 Rdf8 24. Bh6 Rfg8 25. Nf5 Bc3 26. Ncxd6+ cxd6 27.
Nxd6+ 1-0

[Event "AUTO-ADV-1987"]
[Site "http://www.queenalice.com/game.php?id=959224"]
[Date "2011.7.11"]
[Round "2"]
[White "nadare"]
[Black "berilag"]
[Result "0-1"]
[WhiteElo "1803"]
[BlackElo "2028"]

1. e4 e6 2. d4 c6 3. Nf3 Qc7 4. Bd3 d6 5. O-O h6 6. Nc3 Nd7 7. Be3 Ngf6 8. h3 b6
9. b4 Bb7 10. b5 Be7 11. Rb1 c5 12. Na4 Nxe4 13. Bxe4 Bxe4 14. Nc3 Bxf3 15. Qxf3
d5 16. Qh5 Nf6 17. Qf3 Rd8 18. Ne2 cxd4 19. Nxd4 Bc5 20. Nc6 Rd6 21. Qg3 Bxe3
22. fxe3 Nh5 23. Qf3 Nf6 24. Qg3 Nh5 25. Qe5 Nf6 26. Rf3 Rxc6 27. Qb2 Rxc2 28.
Qb4 Rc4 29. Qe1 Qe7 30. Qg3 g5 31. Qb8+ Qd8 32. Qxa7 O-O 33. Rbf1 Nd7 34. Qa3 f5
35. Qd6 Rf6 36. Rxf5 exf5 37. Qxd5+ Kg7 38. Qxc4 Nc5 39. a4 Ne4 40. Qc2 Kg6 41.
g4 Qd5 42. Qb2 Ng3 43. Qh2 Ne4 44. Qb2 Ng3 45. gxf5+ Rxf5 0-1

[Event "AUTO-ADV-2216"]
[Site "http://www.queenalice.com/game.php?id=959392"]
[Date "2011.7.12"]
[Round "1"]
[White "Narutos"]
[Black "nadare"]
[Result "0-1"]
[WhiteElo "1985"]
[BlackElo "1787"]

1. e4 e5 2. Bc4 Nf6 3. Nc3 c6 4. Nf3 d6 5. h3 b5 6. Bb3 a5 7. a3 a4 8. Ba2 Be6
9. O-O Nbd7 10. d3 Be7 11. Bxe6 fxe6 12. Bg5 O-O 13. Nh2 h6 14. Be3 d5 15. Bd2
Nc5 16. Nf3 Nh5 17. Nxe5 Qe8 18. exd5 exd5 19. Nxc6 Nf6 20. Nd4 Rb8 21. Nf5 Rb7
22. Nxe7+ Rxe7 23. Bf4 Qd7 24. Qd2 Nh5 25. Bh2 Ref7 26. Rae1 Nf4 27. Bxf4 Rxf4
28. Re5 Ne6 29. Rxd5 Qc8 30. Rxb5 Nd4 31. Rd5 Nf3+ 32. gxf3 Qxh3 33. Ne4 Rh4 34.
Nf6+ Rxf6 35. Rd8+ Kh7 0-1

[Event "AUTO-ADV-2216"]
[Site "http://www.queenalice.com/game.php?id=959393"]
[Date "2011.7.12"]
[Round "1"]
[White "nadare"]
[Black "Narutos"]
[Result "0-1"]
[WhiteElo "1814"]
[BlackElo "1940"]

1. e4 c5 2. d4 cxd4 3. c3 dxc3 4. bxc3 Nc6 5. Nf3 d6 6. Bb5 Bd7 7. Be3 a6 8. Ba4
Nf6 9. Nbd2 e6 10. O-O Be7 11. Rb1 b5 12. Bc2 O-O 13. c4 bxc4 14. Nxc4 d5 15. e5
dxc4 16. Ng5 Nxe5 17. Qd4 Nd3 18. Qxc4 Bb5 19. Qc3 Rc8 20. Qd2 Ng4 21. Nf3 Nxe3
22. fxe3 Nc5 23. Qxd8 Rfxd8 24. Rfe1 h6 25. e4 Nd3 26. Bxd3 Rxd3 27. Ne5 Rd2 28.
Ra1 Rcc2 29. Nf3 Rxg2+ 30. Kh1 Bd6 31. e5 Bb4 0-1

[Event "AUTO-ADV-2216"]
[Site "http://www.queenalice.com/game.php?id=959406"]
[Date "2011.7.12"]
[Round "1"]
[White "shmurtz91"]
[Black "nadare"]
[Result "0-1"]
[WhiteElo "1981"]
[BlackElo "1811"]

1. c4 e5 2. e3 Bb4 3. Nf3 Nc6 4. a3 Be7 5. d4 e4 6. Nfd2 Nf6 7. d5 Ne5 8. Nc3
Nd3+ 9. Bxd3 exd3 10. Nf3 O-O 11. Qxd3 a6 12. O-O d6 13. b3 Bg4 14. e4 c6 15.
Bb2 Qc7 16. Ng5 h6 17. f3 Bh5 18. Nh3 Qb6+ 19. Kh1 Qxb3 20. Bc1 Qb6 21. Be3 c5
22. Rae1 Nd7 23. f4 Bg6 24. Rf3 f5 25. Nf2 Qa5 26. Bc1 Bh7 27. Qe2 Bf6 28. Bb2
Rae8 29. Re3 b5 30. cxb5 Qxb5 31. Nxb5 axb5 32. e5 dxe5 33. fxe5 f4 34. Re4 Bxe4
35. e6 Bxd5 36. exd7 Rxe2 37. Rxe2 Bxb2 38. Re8 Bf6 39. Ng4 Bd8 40. Ne5 Bf7 0-1

[Event "AUTO-ADV-2216"]
[Site "http://www.queenalice.com/game.php?id=959407"]
[Date "2011.7.12"]
[Round "1"]
[White "nadare"]
[Black "shmurtz91"]
[Result "0-1"]
[WhiteElo "1796"]
[BlackElo "1972"]

1. e4 c6 2. f4 e5 3. Nf3 exf4 4. d4 Nf6 5. Nc3 d5 6. e5 Ne4 7. Bxf4 Bb4 8. Bd2
Bg4 9. Be2 Bxf3 10. Bxf3 Qh4+ 11. Ke2 Nf2 12. g3 Qxd4 13. Qg1 Qxe5+ 14. Be3 Nxh1
15. Kd2 Nxg3 16. hxg3 c5 17. Bxc5 Bxc3+ 18. bxc3 Qg5+ 19. Be3 Qf6 20. Bxd5 O-O
21. Bxb7 Nc6 22. Bxc6 Qxc6 23. Bd4 Rfd8 24. Rb1 Rac8 25. Rb3 a5 26. Qe3 Qg2+ 27.
Kc1 Qf1+ 28. Kb2 Re8 29. Qg5 f6 30. Qg4 Rc7 31. Bb6 Rce7 32. Bxa5 Re1 33. Ka3
R1e5 34. Bb4 Ra8+ 35. Kb2 Re1 36. c4 Rb1+ 37. Kc3 Qe1+ 38. Kd4 Qe5+ 39. Kd3 Rd8+
0-1

[Event "AUTO-ADV-2216"]
[Site "http://www.queenalice.com/game.php?id=959416"]
[Date "2011.7.12"]
[Round "1"]
[White "nadare"]
[Black "Dsilver"]
[Result "1-0"]
[WhiteElo "1799"]
[BlackElo "1784"]

1. e4 Nc6 2. d4 e6 3. Nf3 Qe7 4. Nc3 g6 5. Bb5 a6 6. Ba4 b5 7. Bb3 f5 8. Bg5 Nf6
9. e5 Bg7 10. d5 Nxe5 11. Nxe5 exd5 12. O-O Qxe5 13. Re1 Ne4 14. Bxd5 Qd4 15.
Bxa8 Qxf2+ 16. Kh1 Kf8 17. Nxe4 fxe4 18. Rf1 e3 19. Bxe3 Qf7 20. Rxf7+ Kxf7 21.
Qf3+ Bf6 22. Rf1 1-0

[Event "AUTO-ADV-2216"]
[Site "http://www.queenalice.com/game.php?id=959417"]
[Date "2011.7.12"]
[Round "1"]
[White "Dsilver"]
[Black "nadare"]
[Result "0-1"]
[WhiteElo "1580"]
[BlackElo "1888"]

1. Nf3 d5 2. e3 e5 3. d3 Bg4 4. h3 Bh5 5. g4 Bg6 6. Nxe5 Bd6 7. f4 h6 8. c4 Nd7
9. cxd5 Nxe5 10. fxe5 Bxe5 11. e4 Qh4+ 12. Ke2 Nf6 13. Qa4+ Nd7 14. b4 Bxa1 15.
b5 Nc5 16. Qc2 Bd4 17. Kd1 O-O-O 18. Qc4 Qf2 19. Be2 Qg2 20. Rf1 Bf2 21. Ba3 b6
22. Nd2 Be3 23. Nf3 Qxh3 24. d4 Bxe4 25. dxc5 Rxd5+ 26. Qxd5 Rd8 27. Qxd8+ Kxd8
28. cxb6 Bxb6 29. Bb2 Bxf3 30. Rxf3 Qh1+ 31. Kc2 Qg2 32. Rd3+ Kc8 33. Rd2 Qe4+
34. Kc1 Be3 35. Bc3 Qh1+ 36. Kc2 Bxd2 37. Bxd2 Qe4+ 38. Kd1 Qa4+ 0-1

[Event "Challenge"]
[Site "http://www.queenalice.com/game.php?id=996023"]
[Date "2011.10.11"]
[Round "-"]
[White "ORNELAS"]
[Black "nadare"]
[Result "1-0"]
[WhiteElo "1565"]
[BlackElo "1894"]

1. e4 e5 2. Nf3 Nc6 3. c3 Nf6 4. Bc4 d5 5. exd5 Nxd5 6. d3 Bg4 7. Bxd5 Qxd5 8.
Be3 O-O-O 9. c4 Qa5+ 10. Nbd2 Rxd3 11. O-O Be7 12. b3 Rhd8 13. h3 Bh5 14. Qc2 f5
15. Rfd1 1-0